| 000 | 02170cam a22004577a 4500 | ||
|---|---|---|---|
| 999 |
_c528323 _d528323 |
||
| 001 | 15883376 | ||
| 003 | NUST | ||
| 005 | 20190906051002.0 | ||
| 008 | 090827s2008 dcua bt f000 0 eng d | ||
| 010 | _a 2009416992 | ||
| 035 | _a(OCoLC)ocn501038546 | ||
| 038 | _aMSOHAIL | ||
| 040 |
_aWOY _cWOY _dFHATR _dDLC |
||
| 042 | _alccopycat | ||
| 050 | 0 | 0 |
_aHE336.C66 _bT437 2008 |
| 082 |
_a388 _bDOT |
||
| 088 | _aFHWA-HOP-08-042 | ||
| 245 | 0 | 0 |
_aTechnologies that enable congestion pricing : _ba primer. |
| 246 | 1 | 7 |
_aCongestion pricing : _btechnologies that enable congestion pricing |
| 260 |
_aWashington, D.C. : _bU.S. Dept. of Transportation, Federal Highway Administration, _c[2008] |
||
| 300 |
_a23 p. : _bcol. ill. ; _c28 cm. |
||
| 490 | 1 | _aCongestion pricing primer series | |
| 500 | _aTitle from cover. | ||
| 500 | _aPerformed by FHWA Office of Transportation Management | ||
| 500 | _a"October 2008"--Cover. | ||
| 500 | _a"FHWA-HOP-08-042"--Cover. | ||
| 504 | _aIncludes bibliographical references (p. 23). | ||
| 520 | _a"This volume explores transportation technologies that enable congestion pricing. This document contains the following: the functional processes for tolling and congestion pricing; what technologies there are to consider; how the technologies are applied; examples of how technologies have been applied; what technologies may make it work better in the future"--p. 2. | ||
| 530 | _aAlso available on the Internet. | ||
| 650 | 0 |
_aCongestion pricing. _920045 |
|
| 650 | 0 |
_aTransportation _xTechnological innovations. _920046 |
|
| 650 | 0 |
_aTransportation _xFinance. _920047 |
|
| 710 | 1 |
_aUnited States. _bFederal Highway Administration. _bOffice of Transportation Management. _920048 |
|
| 830 | 0 |
_aCongestion pricing primer series (United States. Federal Highway Administration) _920049 |
|
| 856 | 4 | 1 | _uhttp://www.ops.fhwa.dot.gov/publications/fhwahop08042/fhwahop08042.pdf |
| 856 | 4 | 1 |
_uhttp://worldcat.org/oclc/414543261/viewonline _3View Online |
| 906 |
_a7 _bcbc _ccopycat _d3 _encip _f20 _gy-gencatlg |
||
| 942 |
_2ddc _cBK |
||